Problems and Solutions in Management Accounting and Financial Management (Record no. 1695)

MARC details
000 -LEADER
fixed length control field 00473nam a22001697a 4500
005 - DATE AND TIME OF LATEST TRANSACTION
control field 20180717160834.0
008 - FIXED-LENGTH DATA ELEMENTS--GENERAL INFORMATION
fixed length control field 160525b xxu||||| |||| 00| 0 eng d
020 ## - INTERNATIONAL STANDARD BOOK NUMBER
ISBN 81-7014-254-7
041 ## - LANGUAGE CODE
Language code of text/sound track or separate title eng
082 ## - DEWEY DECIMAL CLASSIFICATION NUMBER
Item number 4877
Classification number 658.1511
100 ## - MAIN ENTRY--AUTHOR NAME
Personal name Maheshwari , S.N.
245 ## - TITLE STATEMENT
Title Problems and Solutions in Management Accounting and Financial Management
260 ## - PUBLICATION, DISTRIBUTION, ETC. (IMPRINT)
Place of publication New Delhi
Name of publisher Academic Faundation
Year of publication 1997
300 ## - PHYSICAL DESCRIPTION
Number of Pages 1163p,
650 ## - SUBJECT ADDED ENTRY--TOPICAL TERM
Topical Term Management
942 ## - ADDED ENTRY ELEMENTS (KOHA)
Koha item type Books
Holdings
Lost status Damaged status Collection code Home library Current library Shelving location Date acquired Cost, normal purchase price Full call number Accession Number Koha item type
    MANAGEMENT JRU Library JRU Library SHELF-73-K 25/05/2016 200.00 658.1511 4877 Books